| 000 | 00825cab a2200253 4500 | ||
|---|---|---|---|
| 001 | WB3340-27 | ||
| 008 | 090401t1997 xxu||||| |||| 00| 0 eng d | ||
| 035 | _a(Sirsi) u81464 | ||
| 041 | _aeng | ||
| 245 | _aHistoric maps | ||
| 260 | _c1997 | ||
| 350 | _a0 | ||
| 490 |
_aTimes _vInterface 15 October 1997, 12(1) |
||
| 520 | _aOrdnance Survey and the Landmark Information Group have produced detailed maps of Britain`s industrial past on CD Rom. More than 400,000 historic maps have been scanned so that digital mapping can be overlaid for comparison. | ||
| 650 | _aCD-ROM | ||
| 650 | _aDIGITAL MAPPING | ||
| 650 | _aHISTORIC MAPS | ||
| 650 | _aINDUSTRIAL AREAS | ||
| 650 | _aLANDMARK INFORMATION GROUP | ||
| 650 | _aORDNANCE SURVEY | ||
| 690 | _aMAPPING AND MEASUREMENT | ||
| 942 | _n0 | ||
| 948 | _c16/10/1997 | ||
| 999 |
_c51326 _d51326 |
||